| 000 | 00806nam a2200265 a 4500 | ||
|---|---|---|---|
| 001 | 0000403 | ||
| 003 | DO-SdBNP | ||
| 005 | 20180222140942.0 | ||
| 007 | 0000403 | ||
| 008 | 091125s 2013 dr a 000 0 spa d | ||
| 020 | _a9501107574 | ||
| 040 |
_aBPMSU _bspa _cBPMSU |
||
| 082 | 4 |
_axxxxx _bxxxxx |
|
| 100 | 1 | _aDaroqui, Julia | |
| 245 | 1 | 0 |
_aMi primer diccionario: _bespañol - inglés / _cJulia Daroqui, Agustina Oliden ; ilustración Miguel L. Matejka ; traducción Karen Behrend |
| 260 |
_aBuenos Aires, Argentina : _bSigmar, _c1993. |
||
| 300 |
_a60 p. : _bil. ; _c29 cm. |
||
| 700 | 1 |
_aOliden, Agustina, _eil. |
|
| 700 | 1 |
_aMatejka, Miguel L. _eil. |
|
| 700 | 1 |
_aBehrend, Karen _etrad. |
|
| 910 | _a | ||
| 942 |
_2ddc _cBK |
||
| 945 | _aInventariado, 2018 / BT | ||
| 956 |
_aYngrid Lockward _b10 |
||
| 999 |
_c10350 _d10350 |
||